000 00796nam a22002297a 4500
003 UA-OsUOA
001 101698
007 ta
008 20130709b un ||||| |||| 00| 0 ukr d
090 _a34.08(091)
_bФ69
942 _cBK
040 _aUA-OsUOA
_bukr
_cUA-OsUOA
_dUA-OsUOA
245 _aФлагман української юридичної науки
_bдо 60-річчя Інституту держави і права ім. В. М. Корецького НАН України. 1949 - 2009
_cза ред. Ю. С. Шемшученка
300 _a216 с.
955 _a1
041 _aukr
080 _a34.08(091)
020 _a978-966-8602-70-2
260 _aК.
_bЮридична думка
_c2009
650 7 _a34 Право. Юриспруденція
_2UDC
999 _c387917
_d387917